Boyer's Royal dictionary abridged : In two parts. I. French and English. II. English and French. ... The fourteenth edition, carefully corrected and improved, ... By J.C. Prieur.

Bibliographic Details
Main Author: Boyer, Abel, 1667-1729
Format: eBook
Language:French
Series:Eighteenth century collections online.
Online Access:Full text online

MARC

Tag First Indicator Second Indicator Subfields
LEADER 00000cam a2200000 4500
001 in00001908308
006 m | d |
007 cr |n||||||||n
008 810811s1777 enk|||| s 00||||fre d
005 20260408161409.3
035 |a (CStRLIN)ESTCT127885 
040 |a Uk-ES  |c Uk-ES  |d Cu-RivES  |d CStRLIN  |d Thomson Gale  |d UtOrBLW 
100 1 |a Boyer, Abel,  |d 1667-1729. 
240 1 0 |a Royal dictionary.  |k Abridgments 
245 1 0 |a Boyer's Royal dictionary abridged :  |b In two parts. I. French and English. II. English and French. ... The fourteenth edition, carefully corrected and improved, ... By J.C. Prieur. 
264 3 |a London :  |b printed for Messrs. Bathurst, Vaillant, Pote, Strahan, Rivingtons [and 30 others in London],  |c 1777. 
300 |a 2 volumes ;  |c 8⁰. 
336 |a text  |b txt  |2 rdacontent 
337 |a computer  |b c  |2 rdamedia 
338 |a online resource  |b cr  |2 rdacarrier 
500 |a Reproduction of original from the British Library. 
510 4 |a Alston,  |c XII 685 
510 4 |a English Short Title Catalog,  |c ESTCT127885. 
533 |a Electronic reproduction.  |b Farmington Hills, Mich. :  |c Thomson Gale,  |d 2003.  |n Available via the World Wide Web.  |n Access limited by licensing agreements  |7 s2003 miunns 
500 |a Electronic resource. 
830 0 |a Eighteenth century collections online. 
856 4 0 |u http://proxy.library.tamu.edu/login?url=https://galenet.galegroup.com/servlet/ECCO?c=1&stp=Author&ste=11&af=BN&ae=T127885&tiPG=1&dd=0&dc=flc&docNum=CW114786608&vrsn=1.0&srchtp=a&d4=0.33&n=10&SU=0LRK&locID=txshracd2898  |z Full text online  |t 0 
999 |a MARS 
999 f f |s 2689413a-80d7-3d1b-a481-86c5dc368128  |i 76a3f90e-f086-303c-b3d2-77cfa5cbb5cf  |t 0 
952 f f |a Texas A&M University  |b College Station  |c Electronic Resources  |s www_evans  |d Available Online  |t 0  |h No information provided 
998 f f |t 0  |l Available Online